00574 a2200157 45000010006000000050017000060080041000230030015000640400040000790800133001192450072002522640026003243000017003500410008003671000041003756210720260407155914.0260407a arg spa d AR-UNSa-BCEJYS aAR-UNSa-BCEJYSbspacAR-UNSa-BCEJYS a349.2(094.5)x(Legislación del trabajo (Legislación laboral, contrato de trabajo,procedimiento laboral,riesgo laboral etc.))10aDigesto laboralpRecopilación ordenada de normas legales vigentes 1aBuenos Aires :bERGON a2 v.c28 cm. aspa1 aSchuldreich Talleda, Héctor Adolfo